Empresa y prueba informática (Registro nro. 158625)
[ vista simple ]
| 000 -LEADER | |
|---|---|
| fixed length control field | 01656ny a22003493n 4500 |
| 008 - FIXED-LENGTH DATA ELEMENTS--GENERAL INFORMATION | |
| fixed length control field | 080609s2006 sp s 000 0 spa c |
| 020 ## - INTERNATIONAL STANDARD BOOK NUMBER | |
| International Standard Book Number | 8476987722 |
| 035 ## - | |
| -- | 2041 |
| 040 ## - CATALOGING SOURCE | |
| Original cataloging agency | UMA.RE |
| Modifying agency | vLex |
| 080 ## - | |
| -- | 004:347.94(460)(0.034) |
| 080 ## - | |
| -- | 347.94(460):004(0.034) |
| 090 ## - | |
| -- | 86 |
| -- | 86 |
| 100 1# - MAIN ENTRY--PERSONAL NAME | |
| Personal name | Pasamar, Abraham |
| 245 10 - TITLE STATEMENT | |
| Title | Empresa y prueba informática |
| Medium | [Recurso electrónico] |
| Statement of responsibility, etc | Xavier Abel Lluch, director ; Núria Ginés Castellet, coordinadora ; Abraham Pasamar, Guillermo Ormazábal Sánchez, Manuel Bellido Aspas, [ponentes] |
| 256 ## - | |
| -- | Servicio en línea |
| 260 ## - PUBLICATION, DISTRIBUTION, ETC. (IMPRINT) | |
| Place of publication, distribution, etc | Barcelona : |
| Name of publisher, distributor, etc | Bosch, |
| Date of publication, distribution, etc | 2006 |
| 490 1# - SERIES STATEMENT | |
| Series statement | Colección de Formación Continua |
| 500 ## - GENERAL NOTE | |
| General note | "...reune los trabajos aportados en la Jornada sobre Empresa y prueba informática celebrada en el mes de junio de 2006..." -- p. 7 |
| 506 1# - RESTRICTIONS ON ACCESS NOTE | |
| Terms governing access | Contenido solo disponible en los productos indicados |
| Authorized users | vLex Global |
| -- | vLex Global (Academic Edition, excluding Law Schools) |
| -- | vLex Global (U.S. Academic Edition, Law Schools) |
| -- | vLex Global (U.S. Academic Edition, excluding Law Schools) |
| -- | vLex Global (Academic Edition, Law Schools) |
| 650 07 - SUBJECT ADDED ENTRY--TOPICAL TERM | |
| Topical term or geographic name as entry element | Societario |
| Source of heading or term | Tesauro vLex |
| 650 07 - SUBJECT ADDED ENTRY--TOPICAL TERM | |
| Topical term or geographic name as entry element | Nuevas tecnologías |
| Source of heading or term | Tesauro vLex |
| 650 07 - SUBJECT ADDED ENTRY--TOPICAL TERM | |
| Topical term or geographic name as entry element | Empresa y empresario |
| Source of heading or term | Tesauro vLex |
| 700 1# - ADDED ENTRY--PERSONAL NAME | |
| Personal name | Abel Lluch, Xavier, |
| Relator term | dir |
| 700 1# - ADDED ENTRY--PERSONAL NAME | |
| Personal name | Bellido Aspas, Manuel |
| 700 1# - ADDED ENTRY--PERSONAL NAME | |
| Personal name | Ginés Castellet, Núria, |
| Relator term | coord |
| 700 1# - ADDED ENTRY--PERSONAL NAME | |
| Personal name | Ormazábal Sánchez, Guillermo |
| 740 0# - | |
| -- | vLex Libros (Servicios en línea) |
| 830 0# - | |
| -- | Colección de Formación Continua (Facultad de Derecho Esade) |
| 856 40 - LOCALIZACIÓN Y ACCESO ELECTRÓNICO | |
| Identificador Uniforme del Recurso (URI/URL) | https://app.vlex.com/#/sources/2041 |
| 942 ## - | |
| -- | RAA |
| 999 ## - | |
| -- | 158625 |
| -- | 158625 |
No hay ítems disponibles.